The collected papers of Albert Einstein (Record no. 11548)

MARC details
000 -LEADER
fixed length control field 00602nam a2200181Ia 4500
003 - CONTROL NUMBER IDENTIFIER
control field IN-BaIIA
008 - FIXED-LENGTH DATA ELEMENTS--GENERAL INFORMATION
fixed length control field 211028s9999 xx 000 0 eng d
020 ## - INTERNATIONAL STANDARD BOOK NUMBER
International Standard Book Number 0-691-08475-0
040 ## - CATALOGING SOURCE
Transcribing agency IIA Library
080 ## - UNIVERSAL DECIMAL CLASSIFICATION NUMBER
Universal Decimal Classification number 081:52
Item number BEC
100 ## - MAIN ENTRY--PERSONAL NAME
Personal name Beck, A
9 (RLIN) 19940
245 #4 - TITLE STATEMENT
Title The collected papers of Albert Einstein
Remainder of title vol. I, the early years 1879-1902 (English translation).
Statement of responsibility, etc. A. Beck and Havas, P
260 ## - PUBLICATION, DISTRIBUTION, ETC.
Place of publication, distribution, etc. New Jersey
Name of publisher, distributor, etc. Princeton University Press
Date of publication, distribution, etc. 1987
300 ## - PHYSICAL DESCRIPTION
Extent xxii, 196p.
650 ## - SUBJECT ADDED ENTRY--TOPICAL TERM
Topical term or geographic name entry element Albert Einstein pollected papers
9 (RLIN) 19941
650 ## - SUBJECT ADDED ENTRY--TOPICAL TERM
Topical term or geographic name entry element Collected papers-Albert Einstein
9 (RLIN) 18195
942 ## - ADDED ENTRY ELEMENTS (KOHA)
Koha item type Books
Holdings
Withdrawn status Lost status Damaged status Not for loan Home library Current library Shelving location Date acquired Cost, normal purchase price Total Checkouts Full call number Barcode Date last seen Cost, replacement price Price effective from Koha item type Purchase Price
        IIA Library-Bangalore IIA Library-Bangalore General Stacks 30/10/1995 225.00   081:52/ BEC 12463 05/11/2021 225.00 30/10/1995 Books Rs. 225

Powered by Koha